Panj tarai / (Record no. 526543)

000 -LEADER
fixed length control field 00519nam a22001817a 4500
003 - CONTROL NUMBER IDENTIFIER
control field NUST
005 - DATE AND TIME OF LATEST TRANSACTION
control field 20190712121319.0
020 ## - INTERNATIONAL STANDARD BOOK NUMBER
Qualifying information Paperback
038 ## - RECORD CONTENT LICENSOR
Staff Name M. Shaban
082 ## - DEWEY DECIMAL CLASSIFICATION NUMBER
Classification number 891.42
Author Mark MAR
100 ## - MAIN ENTRY--PERSONAL NAME
Personal name Muhammad Hanif Mahar Kachailvi
9 (RLIN) 17561
245 ## - TITLE STATEMENT
Title Panj tarai /
Statement of responsibility, etc. Muhammad Hanif Mahar Kachailvi
260 ## - PUBLICATION, DISTRIBUTION, ETC.
Place of publication, distribution, etc. Lahore :
Name of publisher, distributor, etc. Pakistan Punjabi Adbi Board,
Date of publication, distribution, etc. 1988.
300 ## - PHYSICAL DESCRIPTION
Extent 173 p. ;
880 ## - ALTERNATE GRAPHIC REPRESENTATION
Linkage 100-01\r
Title محمد حنیف مہر کاچیلوی
880 ## - ALTERNATE GRAPHIC REPRESENTATION
Linkage 245-02\r
Title پنج تارے /
942 ## - ADDED ENTRY ELEMENTS (KOHA)
Source of classification or shelving scheme
Koha item type Book
Holdings
Withdrawn status Lost status Source of classification or shelving scheme Damaged status Not for loan Permanent Location Current Location Shelving location Date acquired Total Checkouts Full call number Barcode Date last seen Price effective from Koha item type
          Central Library (CL) Central Library (CL) Punjabi Literature 07/12/2019   891.42 MAR CL-E-362 07/12/2019 07/12/2019 Book
© 2023 Central Library, National University of Sciences and Technology. All Rights Reserved.